Resultados do SAEB-95 a escola que os alunos frequentam

में बचाया:
ग्रंथसूची विवरण
निगमित लेखक: Ministerio da Educacao e do Desporto (लेखक)
स्वरूप: पुस्तक
भाषा:पुर्तगाली
प्रकाशित: Brasilia Ministerio da Educacao e do Desporto 1995
विषय:
टैग: टैग जोड़ें
कोई टैग नहीं, इस रिकॉर्ड को टैग करने वाले पहले व्यक्ति बनें!

MARC

LEADER 00000nam a2200000 a 4500
001 UCP1321
003 CL-VaPUC
008 990409e19950000BL |||||||||||||||||por|d
082 0 4 |a 371.26  |b MIN  |2 21 
110 2 |a Ministerio da Educacao e do Desporto  |e author  |9 427302 
245 1 0 |a Resultados do SAEB-95 a escola que os alunos frequentam 
300 |a 20 p 
942 |c BK 
945 |d 19990409 00:00:00  |a rbrito 
260 |a Brasilia  |b Ministerio da Educacao e do Desporto  |c 1995 
650 0 |a Evaluación de la educación   |9 237505 
650 0 |a Educación básica   |9 224933 
651 0 |a Brasil  |9 267393 
583 |a last modification  |c 19990409 00:00:00  |k Rodrigo Vera 
999 |c 280011  |d 280009 
952 |0 0  |1 0  |4 0  |6 371_260000000000000_MIN_1995  |7 0  |8 P  |9 319980  |a BIBEDU  |b BIBEDU  |c BIBEDU_PB  |d 2019-11-20  |i 3442330  |o 371.26 MIN 1995  |p 3442330  |r 2024-01-25  |w 2019-11-20  |y BK  |k BME